Normal view
MARC view
Entry Personal Name
001 - CONTROL NUMBER
- control field: 1063754
003 - CONTROL NUMBER IDENTIFIER
- control field: OSt
005 - DATE AND TIME OF LATEST TRANSACTION
- control field: 20260121170427.0
008 - FIXED-LENGTH DATA ELEMENTS
- fixed length control field: 260121|| aca||aabn | a|a d
040 ## - CATALOGING SOURCE
- Original cataloging agency: OSt
- Transcribing agency: OSt
100 ## - HEADING--PERSONAL NAME
- Personal name: Silvia Serrao-Neumann, Anne Coudrain, Liese Coulter
670 ## - SOURCE DATA FOUND
- Source citation: Work cat.: (OSt)1629483: Silvia Serrao-Neumann, Anne Coudrain, Liese Coulter, Communicating Climate Change Information for Decision-Making
